00650nam a2200193Ia 4500008004100000020001400041082001700055100002000072245003900092250000700131260004500138300003000183500001900213600002100232650005000253942000700303952013100310999001500441240925s9999 xx 000 0 und d a130307548 a005.7585 LUL aLulushi, Albert 0aOracle: forms developers hand book aNA aNew Jersey:bPrintice- Hall Int.c,2000. avii,646l.p.bNAfOriginal aIncludes Index aComputer Science aComputer science, information & general works cBK 001040708CSaUITUbUITUd2002-05-13eImran Book Centreg125.00l0o005.7585 LULpQ4403r2024-09-25 07:13:30w2024-09-25yBK c6902d6902